000 01044cam a22003257a 4500
003 CHAP
005 20220329140601.0
008 971013s1952 r 00010 d
010 _a54299
011 _a55271
035 _a59423
040 _cCHAP
082 _a507.2
_bW5
100 0 0 _aWilson, E. Bright, Jr.
_9122184
245 1 3 _aAn introduction to scientific research
260 _aNew York :
_bMcGraw-Hill,
_c1952
300 _a373 p.
_b: ilus.
490 0 _aMcGraw-Hill paperbacks
590 _aBATCH-UPD
_b10
_c20130110
_lUCH01
_h0343
590 _aBATCH-UPD
_b10
_c20130410
_lUCH01
_h0017
590 _aBATCH-UPD
_b10
_c20130914
_lUCH01
_h1206
590 _aCONVERSION
_b10
_c20130109
_lUCH01
_h1329
650 1 4 _aDiseños experimentales.
_932735
650 1 4 _aInvestigación
_xMetodología.
_960237
830 0 _aMcGraw-Hill paperbacks
_973551
901 _aBK
942 _cLIBRO
949 _a507.2 W5
_bBC
_cLIBRO
_d33724000125555
_eLIBRO
_h16143
_i59423
_sb
949 _a507.2 W5
_bBC
_cLIBRO
_d33724000125563
_eLIBRO
_fc.2
_h1619
_i59423
_si
999 _c54299
_d54299